[Event "Bhubaneswar op-A 14th"]
[Site "Bhubaneswar"]
[Date "2023.06.17"]
[Round "9"]
[White "Gochelashvili, David"]
[Black "Pranav Sai Ram, RS."]
[Result "1-0"]
[WhiteElo "2330"]
[BlackElo "1539"]
[PlyCount "77"]
[EventDate "2023.06.11"]
[EventType "swiss"]
[EventRounds "10"]
[EventCountry "IND"]
[SourceTitle "CBM 214 Extra"]
[Source "ChessBase"]
[SourceDate "2023.07.31"]
[SourceVersion "1"]
[SourceVersionDate "2023.07.31"]
[SourceQuality "1"]

1. e4 c6 2. d4 d5 3. exd5 cxd5 4. Bd3 Nc6 5. c3 Nf6 6. Bf4 Bg4 7. Qb3 Qd7 8. Nd2 e6 9. Ngf3 Bd6 10. Bxd6 Qxd6 11. 0-0 0-0 12. Rfe1 a6 13. Ne5 Rab8 14. a4 Bh5 15. a5 Nd7 16. f4 f6 17. Nxd7 Qxd7 18. Qc2 h6 19. Bh7+ Kh8 20. Bg6 Bxg6 21. Qxg6 Rbe8 22. Nb3 e5 23. Nc5 Qc8 24. fxe5 fxe5 25. Rf1 Rxf1+ 26. Rxf1 exd4 27. Nxb7 Ne5 28. Qxa6 dxc3 29. Qb5 c2 30. Rc1 Rd8 31. Nxd8 Qxd8 32. Rxc2 Qg5 33. Qe2 d4 34. Rc8+ Kh7 35. Qe4+ Ng6 36. Rc6 Qe3+ 37. Qxe3 dxe3 38. Rxg6 e2 39. Re6 1-0